| 000 | 00514nam a2200169Ia 4500 | ||
|---|---|---|---|
| 003 | OSt | ||
| 005 | 20191221105147.0 | ||
| 008 | 190216s9999||||xx |||||||||||||| ||und|| | ||
| 040 | _coclc | ||
| 082 |
_a338.5024658 _bCAL/M |
||
| 100 |
_aUniversity, Calicut _9635 |
||
| 245 | 0 |
_aManagerial Economics / _cCalicut University |
|
| 260 |
_bCalicut University Publications, _c2001. _aCalicut: |
||
| 300 | _a328p | ||
| 650 | _aEconomics | ||
| 942 |
_cBK _2ddc _h338.5024658 _iCAL/M _k338.5024658 _mCAL/M |
||
| 999 |
_c10738 _d10738 |
||